"My ecchoing song"; Andrew Marvell's poetry of criticism,

Kaydedildi:
Detaylı Bibliyografya
Yazar: Colie, Rosalie Littell
Materyal Türü: Kitap
Dil:English
Baskı/Yayın Bilgisi: Princeton, N.J., Princeton University Press, 1970.
Konular:
LEADER 00998nam a2200265 4500
001 c000350998
003 CARM
005 00000000000000.0
008 700519s1970 njua b 00110 eng
010 |a 69018053 //r91 
019 1 |a 36571  |5 LACONCORD2021 
020 |a 0691061637 
035 |a (OCoLC)72377  |5 LACONCORD2021 
050 0 0 |a PR3546  |b .C6 
082 0 0 |a 821/.4 
100 1 |a Colie, Rosalie Littell. 
245 1 0 |a "My ecchoing song";  |b Andrew Marvell's poetry of criticism,  |c by Rosalie L. Colie. 
260 |a Princeton, N.J.,  |b Princeton University Press,  |c 1970. 
300 |a xvi, 315 p.  |b illus.  |c 25 cm. 
504 |a Includes bibliographical references. 
600 1 0 |a Marvell, Andrew,  |d 1621-1678  |x Criticism and interpretation. 
650 0 |a Poetics. 
852 8 |b CARM  |h A1:AL15E0  |i C10623  |p 0488751  |f BK 
999 f f |i 8d3d45f3-22d2-5677-8e85-be331d5eb48c  |s 109c4d9c-d7f8-5fee-bf54-445ba636f30c 
952 f f |p Can circulate  |a CAVAL  |b CAVAL  |c CAVAL  |d CARM 1 Store  |e C10623  |f A1:AL15E0  |h Other scheme  |i book  |m 0488751